000 00572nam a2200181 i 4500
001 120162
003 ES-MaACL
005 20251012063048.0
007 t|
008 070214s1952 sp r ||||1| spa d
100 1 _aPérez Vidal, José,
_d1907-1990
_9160934
245 1 0 _aEndechas populares en tristropos monorrimos
_b: siglo XV-XVI /
_cJosé Pérez Vidal.
260 _aLa Laguna :
_bJ. Régulo,
_c1952.
300 _a55 p., 2 lám. :
_bil. ;
_c22 cm.
852 _aES-MaACL
_j1934-F-18
_bR.32810
852 _aES-MaACL
_j2092-F-3
999 _c120162
_d120162